Drawings and plans of frank lloyd wright (Record no. 9404)

000 -LEADER
fixed length control field 00368nam a2200145 4500
003 - CONTROL NUMBER IDENTIFIER
control field OSt
005 - DATE AND TIME OF LATEST TRANSACTION
control field 20210409163413.0
008 - FIXED-LENGTH DATA ELEMENTS--GENERAL INFORMATION
fixed length control field 210409b ||||| |||| 00| 0 eng d
020 ## - INTERNATIONAL STANDARD BOOK NUMBER
International Standard Book Number 9780486244570
082 ## - DEWEY DECIMAL CLASSIFICATION NUMBER
Classification number 720.222
Item number WRI
100 ## - MAIN ENTRY--PERSONAL NAME
Personal name Lloyd Wright Frank
245 ## - TITLE STATEMENT
Title Drawings and plans of frank lloyd wright
260 ## - PUBLICATION, DISTRIBUTION, ETC. (IMPRINT)
Place of publication, distribution, etc New york
Name of publisher, distributor, etc Dover publication
942 ## - ADDED ENTRY ELEMENTS (KOHA)
Source of classification or shelving scheme
Holdings
Withdrawn status Lost status Source of classification or shelving scheme Damaged status Koha normalized classification for sorting Not for loan Permanent location Current location Date acquired Total Checkouts Full call number Barcode Date last seen Date last borrowed Price effective from Koha item type
        720_000000000000000_22WRI   BMS College of Architecture, Design and Planning BMS College of Architecture, Design and Planning 2021-04-09 1 720.22WRI AR-UG2194 2025-11-26 2025-11-12 2021-04-09 UG Books
Copyright © 2025, The Librarian, Library and Information Centre, BMSCA D&P, Bengaluru. All Rights Reserved
web counter

Powered by Koha